Địa lí ba vùng kinh tế trọng điểm ở Việt Nam
Tổng quan về vùng và vùng kinh tế trọng điểm nói chung và vùng kinh tế trọng điểm phía Bắc, miền trung, miền nam với các phần: phạm vi lãnh thổ, các nguồn lực chính để phát triển kinh tế - xã hội......
Zapisane w:
| 1. autor: | |
|---|---|
| Format: | Książka |
| Język: | Undetermined |
| Wydane: |
Hà Nội
Giáo dục
2009
|
| Hasła przedmiotowe: | |
| Etykiety: |
Dodaj etykietę
Nie ma etykietki, Dołącz pierwszą etykiete!
|
| Thư viện lưu trữ: | Trung tâm Học liệu Trường Đại học Cần Thơ |
|---|
| LEADER | 00937nam a2200217Ia 4500 | ||
|---|---|---|---|
| 001 | CTU_197326 | ||
| 008 | 210402s9999 xx 000 0 und d | ||
| 020 | |c 43000 | ||
| 082 | |a 330.9597 | ||
| 082 | |b Th455 | ||
| 100 | |a Lê, Thông | ||
| 245 | 0 | |a Địa lí ba vùng kinh tế trọng điểm ở Việt Nam | |
| 245 | 0 | |c Lê Thông (chủ biên) | |
| 260 | |a Hà Nội | ||
| 260 | |b Giáo dục | ||
| 260 | |c 2009 | ||
| 520 | |a Tổng quan về vùng và vùng kinh tế trọng điểm nói chung và vùng kinh tế trọng điểm phía Bắc, miền trung, miền nam với các phần: phạm vi lãnh thổ, các nguồn lực chính để phát triển kinh tế - xã hội... | ||
| 650 | |a Economic geography,Địa lí kinh tế | ||
| 650 | |z Vietnam,Việt Nam | ||
| 904 | |i Bằng | ||
| 980 | |a Trung tâm Học liệu Trường Đại học Cần Thơ | ||